[Event "Cagliari Alfa Lum op"]
[Site "Cagliari"]
[Date "2009.08.29"]
[Round "4"]
[White "Nessi, Davide"]
[Black "Sotgiu, Roberto"]
[Result "0-1"]
[WhiteElo "1584"]
[BlackElo "1726"]
[PlyCount "72"]
[EventDate "2009.08.28"]
[EventType "swiss"]
[EventRounds "6"]
[EventCountry "ITA"]
[SourceTitle "EXT 2012"]
[Source "ChessBase"]
[SourceDate "2011.11.24"]
[SourceVersion "1"]
[SourceVersionDate "2011.11.24"]
[SourceQuality "1"]

1. d4 Nf6 2. c4 e6 3. Nc3 d5 4. e3 c6 5. Nf3 a6 6. cxd5 exd5 7. Bd3 Bd6 8. 0-0 0-0 9. h3 Re8 10. a3 Nbd7 11. Bd2 Ne4 12. Ne1 Qc7 13. Nxe4 dxe4 14. Bc4 Nf6 15. Rc1 Be6 16. Bxe6 fxe6 17. Qb3 Nd5 18. Qc2 Nf6 19. g4 g5 20. b4 h5 21. gxh5 Qh7 22. Kg2 Qxh5 23. Rh1 Rf8 24. Qd1 Qh4 25. Qe2 Rf7 26. Nc2 Raf8 27. Rcf1 Nh5 28. Be1 Rf3 29. Na1 g4 30. Rfg1 gxh3+ 31. Kf1+ Ng3+ 32. Rxg3+ Rxg3 33. f4 exf3 34. Qf2 Qg4 35. Nb3 Rg2 36. Rg1 h2 0-1

[Event "Cagliari Alfa Lum op"]
[Site "Cagliari"]
[Date "2009.08.29"]
[Round "3"]
[White "Saccheri, Fabio"]
[Black "Sotgiu, Roberto"]
[Result "1-0"]
[WhiteElo "1742"]
[BlackElo "1726"]
[PlyCount "47"]
[EventDate "2009.08.28"]
[EventType "swiss"]
[EventRounds "6"]
[EventCountry "ITA"]
[SourceTitle "EXT 2012"]
[Source "ChessBase"]
[SourceDate "2011.11.24"]
[SourceVersion "1"]
[SourceVersionDate "2011.11.24"]
[SourceQuality "1"]

1. Nf3 d5 2. d4 Nf6 3. g3 b6 4. c4 e6 5. Bg2 Bb7 6. 0-0 Nbd7 7. Nc3 Bd6 8. Qc2 0-0 9. Rd1 c5 10. dxc5 Nxc5 11. Nb5 Bb8 12. cxd5 exd5 13. b3 Qe7 14. e3 Be5 15. Nxe5 Qxe5 16. Bb2 Qh5 17. Nd4 Rac8 18. Qf5 Qg6 19. Rac1 Qxf5 20. Nxf5 Nce4 21. Ne7+ Kh8 22. Nxc8 Bxc8 23. Bxf6 Nxf6 24. Bxd5 1-0